000
00289nam a22001337a 4500
008
170502b xxu||||| |||| 00| 0 eng d
020
_a
9781929289417
041
_a
eng
080
_2
3 ED
_a
34
100
_a
13
101
_a
SHJ
245
_a
ETHICS AND LAW
_c
STONE.G
942
_2
udc
_c
BK
999
_c
12469
_d
12469